=LDR 00000nam 2200000 4500 =001 INLIS000000000029470 =005 20201210103832 =035 ##$$a 0010-061300000029470 =008 201210################g##########0#ind## =041 ##$$a Ind =082 ##$$a 330.959 8 =090 ##$$a 330.959 8, Sag e =100 ##$$a Sagir, Soeharsono =245 1#$$a Ekonomi indonesia : $b Gagasan, pemikiran dan polemik, /$c Soeharsono Sagir SE =260 ##$$a Bandung :$b IQRA,$c 1982 =300 ##$$a iii, 270 hlm ; $c 19 x 13 cm =650 #4$$a Ekonomi =850 ##$$a NBPNMAT =084 ##$$a 330.959 8 SAG e =990 ##$$a 00054817 =990 ##$$a 920/pro/85